• 首页
  • 本馆介绍
  • 公告通知
  • 最新文献
  • 馆藏检索
  • 电子资源
  • 读者导购
  • 参考咨询
  • 我的图书馆
  • 登录
  • 详细信息显示
  • 放入我的书架
  • 预约/预借图书
  • 作者相关作品
  • 分类相关作品
  • 丛书相关作品
  • 出版社相关作品

书目信息

  • 表格格式
  • 工作单格式
  • 卡片格式
题名:
低碳经济条件下提升中国制造业贸易竞争力研究
    
 
作者: 杜运苏 著
分册:  
出版信息: 北京   社会科学文献出版社  2015
页数: 248页
开本: 24cm
丛书名:
单 册:
中图分类: F426.4
科图分类:
主题词: 制造工业--zhi zao gong ye--国际竞争力--研究--中国
电子资源:
ISBN: 978-7-5097-7790-9
000 01186nam0 22002531 450
001 0109172422
005 20170309172422.0
010    @a978-7-5097-7790-9@dCNY59.00
100    @a20151211d2015 em y0chiy50 ea
101 0  @achi
102    @aCN@b110000
105    @ay z 000yy
106    @ar
200 1  @a低碳经济条件下提升中国制造业贸易竞争力研究@9di tan jing ji tiao jian xia ti sheng zhong guo zhi zao ye mao yi jing zheng li yan jiu@dImproving China's manufacturing industry's international competitiveness in the case of low carbon economy@f杜运苏著@zeng
210    @a北京@c社会科学文献出版社@d2015
215    @a248页@d24cm
300    @a国家社科基金项目 江苏高校优势学科建设工程资助项目研究成果
330    @a本书分别从七个方面,分析研究了在低碳经济条件下,碳关税的征收对我国经济以及制造业国际竞争力的影响,以及碳税在国内实施的可行性等问题。
510 1  @aImproving China's manufacturing industry's international competitiveness in the case of low carbon economy@zeng
606 0  @a制造工业@9zhi zao gong ye@x国际竞争力@x研究@y中国
690    @aF426.4@v5
701  0 @a杜运苏@9du yun su@f(1977~)@4著
801  0 @aCN@bTANGWEI@c20170308
905    @b0953380-3@dF426.4@e149@f4
    
    低碳经济条件下提升中国制造业贸易竞争力研究=Improving China's manufacturing industry's international competitiveness in the case of low carbon economy/杜运苏著.-北京:社会科学文献出版社,2015
    248页;24cm
    国家社科基金项目 江苏高校优势学科建设工程资助项目研究成果
    
    ISBN 978-7-5097-7790-9:CNY59.00
    本书分别从七个方面,分析研究了在低碳经济条件下,碳关税的征收对我国经济以及制造业国际竞争力的影响,以及碳税在国内实施的可行性等问题。
●
相关链接 在E读中查询图书 在五车中查询图书 在当当中查询图书 在豆瓣中查询图书


正题名:低碳经济条件下提升中国制造业贸易竞争力研究     索取号:F426.4/149         预约/预借

序号 登录号 条形码 馆藏地/架位号 状态 备注
1 0953380   209533806   第一样本阅览室/ [索取号:F426.4/149] 在馆    
2 0953381   209533815   第一借阅区/ [索取号:F426.4/149] 在馆    
3 0953382   209533824   第一借阅区/ [索取号:F426.4/149] 在馆    
4 0953383   209533833   密集书库-海洋学院/ [索取号:F426.4/149] 在馆    
唐山师范学院图书馆 欢迎您!
大连网信软件有限公司© 版权所有